European tax studies the tax law review of the European School of Advanced Tax Studies

Bibliographic Details
Format: Unknown
Language:English
Published: Bolonia : Scuola Europea di Alti Studi Tributari
Subjects:
Online Access:Acceso restringido

MARC

LEADER 00000ny a22000003n 4500
005 20110513105413.0
008 090722c20uu9999it f p s 000 b eng d
022 |a 1970-2620 
035 |a 4612 
040 |a BUAL  |d vLex 
041 0 |a itaspaeng 
080 |a 336.2(05) 
090 |c 1843  |d 1843 
245 3 0 |a European tax studies  |h [Recurso electrn̤ico]  |b the tax law review of the European School of Advanced Tax Studies 
256 |a Servicio en ln̕ea 
260 |a Bolonia :  |b Scuola Europea di Alti Studi Tributari 
310 |a Semestral 
506 1 |a Contenido solo disponible en los productos indicados  |d vLex Global  |d vLex Global (Academic Edition, excluding Law Schools)  |d vLex Global (U.S. Academic Edition, Law Schools)  |d vLex Global (U.S. Academic Edition, excluding Law Schools)  |d vLex Global (Academic Edition, Law Schools) 
650 0 4 |a Derecho fiscal  |z Pas̕es de la Unin̤ Europea  |x Publicaciones perid̤icas 
740 0 |a vLex Revista (Servicios en ln̕ea) 
843 |a Electrn̤ica. Abierta 
853 |8 1  |i (year)  |j (month)  |k (day) 
856 4 0 |u http://vlex.com/source/4612  |z Acceso restringido 
942 |c REV 
999 0 4 |a Derecho fiscal